El pensamiento económico en el siglo XX / (Record no. 188965)

MARC details
000 -LEADER
campo de control de longitud fija 00697nam a2200205 i 4500
001 - NÚMERO DE CONTROL
campo de control 188965
003 - IDENTIFICADOR DE NÚMERO DE CONTROL
campo de control ES-MaACL
005 - FECHA Y HORA DE LA ÚLTIMA TRANSACCIÓN
campo de control 20250824212439.0
008 - DATOS DE LONGITUD FIJA--INFORMACIÓN GENERAL
campo de control de longitud fija 190306s1964 sp |||| | spa d
100 1# - ENTRADA PRINCIPAL--NOMBRE DE PERSONA
Nombre de persona Napoleoni, Claudio.
9 (RLIN) 84913
245 13 - MENCIÓN DEL TÍTULO
Título El pensamiento económico en el siglo XX /
Mención de responsabilidad, etc. Claudio Napoleoni ; [versión, Alejandro Pedrós Abelló].
260 ## - PUBLICACIÓN, DISTRIBUCIÓN, ETC.
Lugar de publicación, distribución, etc. Barcelona :
Nombre del editor, distribuidor, etc. Occidente,
Fecha de publicación, distribución, etc. 1964.
300 ## - DESCRIPCIÓN FÍSICA
Extensión 183 p. ;
Dimensiones 22 cm.
490 1# - MENCIÓN DE SERIE
Mención de serie Libros de economía Oikos ;
Designación de volumen o secuencia 3
650 04 - PUNTO DE ACCESO ADICIONAL DE MATERIA--TÉRMINO DE MATERIA
Término de materia o nombre geográfico como elemento de entrada Economía-
Subdivisión cronológica S.XX.
9 (RLIN) 12017
700 1# - ENTRADA AGREGADA--NOMBRE PERSONAL
Nombre de persona Pedrós Abello, Alejandro.
9 (RLIN) 89942
830 10 - PUNTO DE ACCESO ADICIONAL DE SERIE-TÍTULO UNIFORME
Título uniforme Libros de economía Oikos
Designación de volumen o secuencia 3
9 (RLIN) 193243
852 ## - LOCALIZACIÓN
Ubicación ES-MaACL
Número de control de estantería P-522-Ter-3
Holdings
Estatus retirado Estado de pérdida Estado de daño No para préstamo Biblioteca de origen Biblioteca actual Ubicación en estantería Fecha de adquisición Fuente de adquisición Total de préstamos Signatura topográfica completa Código de barras Visto por última vez Precio de reemplazo Tipo de ítem Koha
        Biblioteca del Ateneo de Madrid Biblioteca del Ateneo de Madrid Depósito 2 06/03/2019     P-522-Ter-3 1200115 23/02/2023 23/02/2023 Libro impreso